| 000 | 00343nam a2200145Ia 4500 | ||
|---|---|---|---|
| 005 | 20251222144647.0 | ||
| 008 | 251222s9999||||xx |||||||||||||| ||spa|| | ||
| 020 | _a9.7861240351e+012 | ||
| 082 | _a338.985/A62/Ej.2 | ||
| 100 | _aAnticona, Giovanni | ||
| 245 | 0 | _aLima Norte | |
| 250 | _a1ra. ed. | ||
| 264 | _bLustra Editores | ||
| 942 | _cLIB | ||
| 999 |
_c16914 _d16914 |
||